Top 10 des youtubeurs francais (février 2015) - Statistiques

Statistiques générales
  • Ce quiz a été pris 1 927 fois
  • Le résultat moyen est 3 sur 10
Statistiques - réponses
Nombre de vues Réponse % Correct
817 Millions Squeezie
93%
755 Millions Cyprien
90%
638 Millions Norman
81%
1369 Millions Rémi Gaillard
23%
264 Millions Joueur du grenier
16%
322 Millions Siphano
9%
244 Millions Golden Moustache
8%
271 Millions Palmashow
6%
310 Millions Fantabob Games
3%
253 Millions The Fantasio 974
2%
Aucun quiz correspondant
Distribution des résultats
% des personnes avec chaque résultat
Percentile par nombre de réponses
Votre historique - résultats
Vous n’avez pas pris ce quiz